00356nam a2200097Ia 4500008004100000041000800041100002900049245011000078260005100188999001900239241105s9999 xx 000 0 und d aeng aAmbatkar Vaidehi9184207 aWalking Throught The Urban Heritage : Creating A Landscape Experience For Streetscapes And Heritage Walks bBNCA M Arch Landscape Architecture, Punec2021 c362050d362050